00647nam a2200193Ia 450000500170000000800410001702000260005804000190008404100120010308200160011510000230013124501590015426000320031330000170034550400190036265000190038165100430040085000100044320221126105755.0140110s9999 xx 000 0 und d a9788174367177cRs 395 aLoreto College aEnglish a954.03bMAL aMalgonkar, Manohar 4aThe men who killed GandhibIllustrated with rare and unpublished documents and photographscManohar Malgonkar. Concept, research and editing Pramod Kapoor aNew DelhibRoli Booksc2008 axi,354pbill aIncludes index aHistory, India aIndia, History and politics, 1945-1948 aLCLIB